000 00847cam a22002651 4500
999 _c128321
_d128321
001 10286096
003 ARRUPE
005 20181008112401.0
008 780220s1958 xx 000 0 eng
010 _a 58014972
035 _a(OCoLC)3653441
040 _aDLC
_cSdSifC
_dDLC
042 _apremarc
050 0 0 _aPE1450
_b.C35 1958
082 _a421.9
100 1 _aCarey, Gordon Vero,
_d1886-
_942783
245 1 0 _aMind the stop;
_ba brief guide to punctuation with a note on proof-correction.
_cGordon Vero Carey
260 _aMiddlesex
_bPenguin Books,
_c1958.
300 _a130 p.
_billus.
_c17 cm.
650 0 _aEnglish language
_xPunctuation.
_942784
650 0 _aProofreading.
_942785
906 _a7
_bcbc
_coclcrpl
_du
_encip
_f19
_gy-gencatlg
942 _2lcc
_cMONOGRAPH